Statistics for The Ultimate Horror Film Quiz

Click here to take the quiz!

General Stats

  • This quiz has been taken 300 times
    (293 since last reset)
  • The average score is 10 of 28

Answer Stats

HintAnswer% Correct
"Please don't kill me Mr. Ghostface I wanna be in the sequel."Scream
98%
"Well, a boy's best friend is his mother."Psycho
81%
"I'm your friend til the end"Child's Play
78%
"The Power of Christ compels you."The Exorcist
76%
"You dreamed about the same creep I did."Nightmare on Elm Street
73%
"It's alive, it's alive!"Frankenstein
72%
"They're here."Poltergeist
60%
"Death has come to your little town, sheriff."Halloween
57%
"You're doomed! You're all doomed!"Friday the 13th
56%
"Those that don't appreciate life do not deserve life"Saw
55%
"It's not the house that is haunted. It's your son."Insidious
46%
"When the music stops, you'll see him in the mirror standing behind you."The Conjuring
35%
"You suffer beautifully."Hellraiser
34%
"I like your dolls."Annabelle
27%
"Victoria! Come! Mama!"Mama
27%
"He who walks behind the rows."Children of the Corn
22%
"I'm no lunatic man. I'm a sane man fighting for his soul."Dracula
18%
"Everyone will suffer."The Ring
17%
"I didn't buy a Ouija board. I borrowed a Ouija board."Paranormal Activity
16%
"Remember: whatever happens, don't scream."Dead Silence
15%
"Don't worry, daddy. I'll make you famous again."Sinister
14%
"Thou shalt not suffer a witch to live."Carrie
11%
"We're going to make it through tonight and everything's going to be okay."The Purge
7%
"Maybe I am just chasing shadows."The Amityville Horror
6%
"Oh my god. I'm on a reality TV show. My parents are gonna think I'm such a burnout."The Cabin in the Woods
6%
"I don't like human beings."The Human Centipede
3%
"I've met my demons and there are many. I've seen the devil, and he is me."Oculus
2%
"I'm already dead."The Haunting in Connecticut
1%

Score Distribution

Percentile by Number Answered

Percent of People with Each Score

Your Score History

You have not taken this quiz since the last reset